000 01311 a2200229 4500
003 Nust
005 20221018104327.0
010 _a 2009033736
020 _a9780470743768 (cloth)
035 _a(OCoLC)ocn430736639
040 _cNust
082 0 0 _a620.00151,ROS
100 1 _aRoss, Timothy J.
_98632
245 1 0 _aFuzzy logic with engineering applications /
_cTimothy J. Ross.
250 _a3rd ed.
260 _aChichester, U.K. :
_bJohn Wiley,
_c2010.
300 _axxi, 585 p. :
_bill. ;
_c25 cm.
505 _aIntroduction (Page-1), Classical Sets and Fuzzy Sets (Page-25), Classical Relations and Fuzzy Relations (Page-48), Properties of Membership Functions, Fuzzification, and Defuzzification (Page-89), Logic and Fuzzy Systems (Page-117), Development of Membership Functions (Page-174), Automated Methods for Fuzzy Systems (Page-211), Fuzzy Systems Simulation (Page-245), Decision Making with Fuzzy Information (Page-276), Fuzzy Classification (Page-332), Fuzzy Pattern Recognition (Page-369), Fuzzy Arithmetic and the Extension Principle (Page-408), Fuzzy Control Systems (Page-437), Miscellaneous Topics (Page-501), Monotone Measures: Belief, Plausibility, Probability, and Possibility (Page-530).
650 0 _aEngineering mathematics.
650 0 _aFuzzy logic.
_960142
942 _2ddc
_cBK
999 _c189264
_d189264